| 000 | 00439nam a2200169Ia 4500 | ||
|---|---|---|---|
| 008 | 230711s9999||||xx |||||||||||||| ||und|| | ||
| 020 | _a978-0-07-066911-6 | ||
| 041 | _aENG | ||
| 082 |
_a621.395 _bJA-M |
||
| 100 | _aJain,R.P | ||
| 245 | 0 | _aModern digital electronics | |
| 250 | _a4th Ed. | ||
| 260 |
_c2010 _aNew Delhi _bMcGraw Hill Education(India) Private Limited |
||
| 300 | _a711 | ||
| 650 | _aElectronics Engineering | ||
| 942 | _cBK | ||
| 999 |
_c4822 _d4822 |
||